Statistics for 50 Rock Band/Artist names from Song Titles

Click here to take the quiz!

General Stats

  • This quiz has been taken 79 times
  • The average score is 28 of 50

Answer Stats

TitleBand/Artist Name% Correct
Hotel CaliforniaEagles
91%
Another Brick In The WallPink Floyd
91%
Back In BlackAC/DC
88%
Smoke On The WaterDeep Purple
84%
Seven Nation ArmyThe White Stripes
84%
You Give Love A Bad NameBon Jovi
82%
RoxanneThe Police
82%
Sultans Of SwingDire Straits
81%
Sunday Bloody SundayU2
81%
Boulevard Of Broken DreamsGreen Day
79%
Master Of PuppetsMetallica
79%
(I Can't Get No) SatisfactionThe Rolling Stones
79%
Paradise CityGuns n' Roses
78%
Dream OnAerosmith
76%
Iron ManBlack Sabbath
76%
Should I Stay Or Should I GoThe Clash
75%
Walk This WayAerosmith
73%
I Was Made For Lovin' YouKISS
73%
Paint It, BlackThe Rolling Stones
73%
Money For NothingDire Straits
69%
Crazy TrainOzzy Osbourne
69%
My GenerationThe Who
69%
Purple HazeJimi Hendrix
67%
Ace of SpadesMotörhead
66%
Blitzkrieg BopRamones
63%
Black DogLed Zeppelin
60%
Sunshine Of Your LoveCream
58%
Breaking The LawJudas Priest
57%
Dirty Deeds Done Dirt CheapAC/DC
54%
BarracudaHeart
54%
Killing In The NameRage Against The Machine
54%
Even FlowPearl Jam
51%
Helter ShelterThe Beatles
51%
Bad Moon RisingCreedence Clearwater Revival
48%
Rebel RebelDavid Bowie
48%
Psycho KillerTalking Heads
42%
PollyNirvana
39%
Hammer To FallQueen
39%
Can't StopRed Hot Chili Peppers
39%
Rock and RollLed Zeppelin
34%
The PretenderFoo Fighters
28%
2 Minutes To MidnightIron Maiden
27%
Livin' On The EdgeAerosmith
24%
Tornado Of SoulsMegadeth
22%
UprisingMuse
21%
Hard To HandleBlack Crowes
16%
YYZRush
16%
I Believe in a Thing Called LoveThe Darkness
15%
Rock The NightEurope
9%
Another DayDream Theater
1%

Score Distribution

Percentile by Number Answered

Percent of People with Each Score

Your Score History

You have not taken this quiz